[Event "Elgoibar 10th"]
[Site "Elgoibar"]
[Date "2000.??.??"]
[Round "7"]
[White "Ivanisevic, Ivan"]
[Black "Korneev, Oleg"]
[Result "0-1"]
[WhiteElo "2530"]
[BlackElo "2619"]
[Annotator "Lutz,C"]
[PlyCount "102"]
[EventDate "2000.11.28"]
[EventType "tourn"]
[EventRounds "9"]
[EventCountry "ESP"]
[EventCategory "11"]
[SourceTitle "CBM 081"]
[Source "ChessBase"]
[SourceDate "2001.03.20"]
[SourceVersion "1"]
[SourceVersionDate "2001.03.20"]
[SourceQuality "1"]

1. d4 d5 2. c4 e6 3. Nc3 c6 4. Nf3 Nf6 5. Bg5 dxc4 6. e4 b5 7. a4 b4 (7... Bb7
$5 {gilt als der genaueste Zug hier, mit Ausgleich.}) 8. Ne2 $146 {Üblicher
ist 8.Ne2.} (8. Nb1 Ba6 9. Qc1 c3 10. bxc3 Bxf1 11. Kxf1 Nbd7 (11... h6 12.
Bxf6 Qxf6 13. Nbd2 bxc3 14. Qxc3 a5 15. Nc4 Bb4 16. Qd3 O-O 17. Rd1 Nd7 18. g3
$14 {Lerner,K-Chernin,A/USSR/1984/}) 12. Nbd2 (12. g3 c5 13. Kg2 Rc8 14. cxb4
cxb4 15. Qb2 h6 16. Bxf6 Nxf6 17. Nbd2 Be7 18. Rhc1 O-O $11 {1/2-1/2 Comas
Fabrego,L-Korneev,O/Linares 1997/CBM 58/[Lutz] (45)}) 12... c5 13. d5 Be7 14.
dxe6 fxe6 15. cxb4 cxb4 16. Qc6 $13 {1/2-1/2 Lerner,K-Sveshnikov,E/Kujbyshev
1986/MCL/[Dolmatov] (36)}) 8... Ba6 9. Ng3 Qa5 10. Be2 c5 $6 {mir gefällt
dieser zug nicht, denn nach dem Rückgewinn des Pc4 wird Weiß die bessere
Struktur haben.} (10... Nbd7) 11. d5 Nbd7 12. dxe6 fxe6 13. O-O Qc7 14. Qc2
O-O-O 15. Bxc4 Bxc4 16. Qxc4 Re8 17. a5 (17. e5 Nd5 18. a5 $16 {ist ebenfalls
besser für Weiß, da der schwarze König am Damenflügel unsicher steht.}) 17...
Ng4 18. Rfd1 Nge5 19. Nxe5 Nxe5 20. Qe2 Qc6 21. Be3 Be7 22. f4 Nd7 23. Rac1 (
23. e5 $5 {mit der Idee, den Springer über e4 nach d6 zu bringen.}) 23... Nb8
24. Rc4 Kb7 25. Rdc1 Na6 26. Nf1 {Weiß braucht ziemlich viel Zeit für seine
Manöver.} (26. e5 $5) 26... Rc8 27. Nd2 Rhd8 28. Nb3 Qd7 29. Kf2 Qd3 {Jetzt
steht Schwarz befriedigend.} 30. Nd2 Qxe2+ 31. Kxe2 Kc6 32. Nb3 Kb5 33. Bf2 Rb8
34. R1c2 Rb7 35. g4 g6 36. h4 Rbd7 37. g5 Ka4 38. Nd2 $2 {Zeitnot ?} (38. Nxc5+
) 38... Kxa5 39. b3 Kb5 $19 {Schwarz hat nun einfach einen Bauern mehr.} 40.
Ra2 Nb8 41. Rac2 Nc6 42. f5 exf5 43. exf5 gxf5 44. Bxc5 Rxd2+ 45. Rxd2 Bxc5 46.
Rxd8 Nxd8 47. h5 Ne6 48. g6 hxg6 49. hxg6 Kc6 50. Kd2 Kd6 51. Kc2 Ke7 0-1

[Event "Maroczy Memorial"]
[Site "Szeged"]
[Date "1997.11.14"]
[Round "1"]
[White "Atalik, Suat"]
[Black "Ivanisevic, Ivan"]
[Result "1/2-1/2"]
[WhiteElo "2590"]
[BlackElo "2540"]
[Annotator "Lutz,C"]
[PlyCount "79"]
[EventDate "1997.11.14"]
[EventType "tourn"]
[EventRounds "9"]
[EventCountry "HUN"]
[EventCategory "13"]
[SourceTitle "CBM 062"]
[Source "ChessBase"]
[SourceDate "1998.01.31"]
[SourceVersion "1"]
[SourceVersionDate "1998.01.31"]
[SourceQuality "1"]

1. d4 d5 2. c4 c6 3. Nf3 Nf6 4. Nc3 e6 5. Bg5 dxc4 6. e4 b5 7. e5 h6 8. Bh4 g5
9. Nxg5 hxg5 10. Bxg5 Nbd7 11. exf6 Bb7 12. g3 c5 13. d5 Bh6 14. Bxh6 Rxh6 15.
Qd2 Qxf6 16. O-O-O Kf8 $1 {Jussupows Idee.} 17. f3 exd5 18. Nxd5 Bxd5 $1 {
Ansonsten wurde 18...Qd6 der Vorzug gegeben. Der Textzug opfert einen Bauern,
beseitigt aber den zentralisierten Nd5.} (18... Qd6) 19. Qxd5 Nb6 20. Qxc5+ Kg8
{Schwarz hat seinen König in relative Sicherheit gebracht. Der Bf1 ist inaktiv
und außerdem droht ...Na4 nebst ...c3 oder direkt ...Qxb2+. Ich sehe nicht,
wie Weiß Vorteil erreichen kann.} 21. Qd4 (21. Qe3 $5 {wurde in der
Stammpartie von 19...Bxd5 gespielt und ist wahrscheinlich im Ausgleichssinne
am sinnvollsten.} Na4 22. Rd4 Nxb2 23. Rf4 Qg7 {1/2-1/2 Bagaturov,G-Jaracz,P/
Pardubice op 1994/EXT 94op} 24. Rg4 Rg6 25. Rxg6 fxg6 26. Qe6+ Kh7 27. Qh3+ Kg8
28. Qe6+ $11) (21. Qxb5 Qxf3 $17) (21. f4 Qxb2+ 22. Kxb2 Na4+ 23. Ka3 Nxc5 24.
Kb4 Ne4 {/\} 25. Bg2 a5+ 26. Kxb5 $2 Nc3+ 27. Kxc4 Rc8+ $19) (21. Be2 Qxb2+ 22.
Kxb2 Na4+ 23. Ka3 Nxc5 24. Rd5 Rc8) 21... Qxf3 22. Qf4 Qxf4+ 23. gxf4 Re8 $17 {
Weiß hat immer noch Probleme mit seinem Bf1.} 24. Rg1+ Kf8 25. Rg5 Rxh2 26.
Rxb5 Re4 27. f5 Rf4 28. Rb4 Rxf5 29. Bxc4 Rf4 30. b3 Rxa2 31. Rd2 Rxd2 32. Kxd2
Kg7 33. Ke3 Rf5 34. Rb5 Rxb5 $2 (34... Nxc4+ 35. bxc4 Rxb5 36. cxb5 f5 $19) 35.
Bxb5 Kf6 36. Kd4 Kf5 37. Bd3+ Ke6 38. Kc5 f5 39. Bxf5+ Kxf5 40. Kc6 1/2-1/2

[Event "Goodricke op 13th"]
[Site "Kolkata"]
[Date "2002.03.22"]
[Round "6"]
[White "Ovsejevitsch, Sergei"]
[Black "Bakre, Tejas"]
[Result "1-0"]
[WhiteElo "2529"]
[BlackElo "2477"]
[Annotator "Lutz,C"]
[PlyCount "59"]
[EventDate "2002.03.17"]
[EventType "swiss"]
[EventRounds "11"]
[EventCountry "IND"]
[SourceTitle "CBM 088"]
[Source "ChessBase"]
[SourceDate "2002.03.21"]
[SourceVersion "1"]
[SourceVersionDate "2002.03.21"]
[SourceQuality "1"]

1. d4 d5 2. c4 c6 3. Nf3 Nf6 4. Nc3 e6 5. Bg5 dxc4 6. e4 b5 7. e5 h6 8. Bh4 g5
9. Nxg5 hxg5 10. Bxg5 Nbd7 11. exf6 Bb7 12. g3 Qb6 13. Bg2 O-O-O 14. O-O c5 15.
d5 b4 16. Na4 Qa6 17. a3 Ne5 $6 {Es scheint mir, dass Schwarz die Varianten
verwechselt hat.} ({Möglicherweise wollte Schwarz die Variante} 17... Bxd5 18.
Bxd5 Ne5 19. axb4 Rxd5 20. Qe2 cxb4 21. Nc3 Qc6 22. Nxd5 Qxd5 {spielen,
vertauschte aber die Züge !?}) 18. Nxc5 $1 Bxc5 19. axb4 Qb5 $6 (19... Bxf2+ $5
{ist ein besserer Versuch. Zumindest steht dann auch der weiße König etwas
offen, z.B.} 20. Rxf2 Qb5 (20... Qb6 21. Qe2 Nd3 22. Be3 $40) 21. b3 $1 {
Es ist wichtig, den Damenflügel aufzureissen.} (21. Rxa7 Nd3 22. Re2 Rxd5) (21.
Qd4 Nc6 22. Qf4 Rxd5 $5 $13) 21... Bxd5 (21... c3 22. Qd4 $18) 22. Bxd5 Rxd5
23. Qc2 $40) 20. bxc5 Bxd5 21. Bxd5 Rxd5 22. Qe2 $16 {Normalerweise hat
Schwarz in der Botvinnik-Variante eine mächtige Bauernfront am Damenflügel,
die einerseits seinen König schützt, andererseits auch akiv eingesetzt werden
kann. Ohne den b-Bauern sieht das ganze jedoch nicht mehr so beeindruckend aus.
Weiß steht daher klar besser.} Qxc5 23. Qe4 a5 24. Be3 Qb5 25. Rac1 Qxb2 (25...
Kd7 26. Bf4 $16) 26. Bf4 Kd7 27. Bxe5 Qxe5 28. Qxc4 Rb8 $2 (28... Qxf6 $142 29.
Rfd1 Qe5 30. Rxd5+ exd5 31. Qb5+ Ke7 32. Qxa5 $16) 29. Qc6+ Kd8 30. Rfd1 (30.
Rfd1 a4 {Was sonst ?} 31. Qc5 Qxf6 32. Rxd5+ exd5 33. Qc7+ $18) 1-0

[Event "WchT 5th"]
[Site "Yerevan"]
[Date "2001.10.18"]
[Round "7.4"]
[White "Sakaev, Konstantin"]
[Black "Abreu Delgado, Aryam"]
[Result "1-0"]
[WhiteElo "2639"]
[BlackElo "2493"]
[Annotator "Lutz,C"]
[PlyCount "59"]
[EventDate "2001.10.12"]
[EventType "team-tourn"]
[EventRounds "9"]
[EventCountry "ARM"]
[SourceTitle "CBM 086"]
[Source "ChessBase"]
[SourceDate "2002.02.05"]
[SourceVersion "1"]
[SourceVersionDate "2002.02.05"]
[SourceQuality "1"]
[WhiteTeam "Russia"]
[BlackTeam "Cuba"]
[WhiteTeamCountry "RUS"]
[BlackTeamCountry "CUB"]

1. d4 d5 2. c4 c6 3. Nf3 Nf6 4. Nc3 e6 5. Bg5 dxc4 6. e4 b5 7. e5 h6 8. Bh4 g5
9. Nxg5 hxg5 10. Bxg5 Nbd7 11. g3 Bb7 12. Bg2 Qb6 13. exf6 O-O-O 14. O-O c5 15.
d5 b4 16. Na4 Qa6 17. a3 Bxd5 18. Bxd5 Ne5 19. axb4 Rxd5 20. Qe2 cxb4 21. Nc3
Ra5 22. Rxa5 Qxa5 23. Ne4 Nd3 24. Be3 {Dies ist die derzeit kritische Stellung
in der Variante 16... Qa6. Schwarz muss höllisch aufpassen, um nicht direkt
abzustürzen.} Qd5 $6 $146 {Dieser Neuerung ist keine große Karriere beschieden.
} (24... Kb7 $2 25. Ng5 $1 Qd5 (25... Qf5 {Pavlovic} 26. Nxf7 Rh7 27. Ra1 a5
28. Ng5 $18) (25... Qc7 26. b3 $1) 26. Nxf7 Rg8 27. f4 $1 $16 {1-0 Georgiev,
K-Chernin,A/Neum 2000/CBM 80/[Pavlovic] (53)}) (24... Qh5 $5 {Dieser Zug wurde
bislang noch nicht gespielt, aber von den GMs Kosic und Pavlovic analysiert:}
25. f3 Kb7 (25... a5 26. b3 cxb3 27. g4 Qxh2+ 28. Qxh2 Rxh2 29. Kxh2 a4 $13 {
Pavlovic; Kosic}) 26. b3 (26. Ra1 a5 27. g4 Qe5 {Pavlovic; Kosic}) 26... Nc5 $1
27. Ng5 Bd6 $13 {Pavlovic; Kosic}) (24... Rh5 $5 25. Bxa7 Rd5 26. Be3 Qa2 27.
Qg4 Ne5 28. Qg8 Rd8 29. Bb6 Qa8 30. Bxd8 Qxe4 31. Qxf8 Nf3+ 32. Kh1 Nh4+ 33. f3
Qe2 34. Ba5+ Kb7 35. Qxb4+ Ka8 36. Qf8+ Kb7 37. Qe7+ Ka6 38. Qd6+ {1-0
Beliavsky,A-Atalik,S/Vrnjacka Banja 1999/EXT 2000 (38)}) 25. Ng5 e5 26. Ra1 a5
27. Qg4+ $18 {Nach drei eigenen Zügen ist es bereits aus für Schwarz - kein
seltenes Bild in der Botvinnik-Variante.} Kb7 {Auch nach anderen Königszügen
wäre das Springeropfer auf f7 erfolgt.} (27... Kb8 28. Nxf7 Qxf7 29. Rxa5 Bd6
30. Qe4 Qb7 31. Qxc4 Nxb2 32. Qc2 $18) (27... Kc7 28. Nxf7 $1 Qxf7 29. Rxa5 $18
) (27... Qd7 28. Qxc4+ $18) (27... Kd8 28. Bb6+ $18) 28. Nxf7 $18 Rh7 (28...
Qxf7 29. Rxa5 $18 {mit der tödlichen Drohung Ta7+:} Kb8 (29... Nc5 30. Bxc5 Qd5
31. Bxb4 $18) 30. Ra8+ Kxa8 31. Qc8#) 29. Ng5 Rd7 $2 30. Rxa5 1-0

[Event "Olympiad-34"]
[Site "Istanbul"]
[Date "2000.11.01"]
[Round "5.4"]
[White "Kazhgaleyev, Murtas"]
[Black "Dominguez Perez, Leinier"]
[Result "1-0"]
[WhiteElo "2526"]
[BlackElo "2534"]
[Annotator "Lutz,C"]
[PlyCount "73"]
[EventDate "2000.10.28"]
[EventType "team-swiss"]
[EventRounds "14"]
[EventCountry "TUR"]
[SourceTitle "EXT 2001"]
[Source "ChessBase"]
[SourceDate "2000.11.22"]
[SourceVersion "1"]
[SourceVersionDate "2000.11.22"]
[SourceQuality "1"]
[WhiteTeam "Kazakhstan"]
[BlackTeam "Cuba"]
[WhiteTeamCountry "KAZ"]
[BlackTeamCountry "CUB"]

1. d4 d5 2. c4 c6 3. Nc3 Nf6 4. Nf3 e6 5. Bg5 dxc4 6. e4 b5 7. e5 h6 8. Bh4 g5
9. Nxg5 hxg5 10. Bxg5 Nbd7 11. exf6 Bb7 12. Be2 $6 {So wurde noch zu
Botvinniks Zeiten gespielt. Auf e2 steht der weiße Läufer schlechter als auf
g2, allerdings benötigt Weiß ein Tempo weniger zur Entwicklung.} ({Die
Hauptvariante} 12. g3 {hat sich zu Recht als besser durchgesetzt, denn der
Läufer gehört auf die Diagonale h1-a8 und der Pg3 gibt dem Weißen zusätzlichen
Schutz am Königsflügel.}) 12... Qc7 $5 {Vielleicht ist die Entwicklung der
Dame nach b6 sinnvoller, da dann der Punkt d4 unter Beschuss genommen wird.} (
12... Qb6 13. O-O O-O-O 14. a4 (14. h4 Bh6 15. a4 Bxg5 16. hxg5 b4 17. Ne4 c5
18. a5 Qc7 19. Ng3 Ne5 20. a6 Bc6 21. Qc1 Rxd4 22. Qe3 Rdh4 23. Rfc1 Rh2 24. f4
Rxg2+ 25. Kf1 Rh3 26. Qxc5 Rgxg3 27. Qf8+ Qd8 28. Qxd8+ Kxd8 29. fxe5 Rh1+ 30.
Kf2 Rg2+ 31. Ke3 Rh3+ 32. Kd4 Rxe2 33. Rxc4 Re4+ 34. Kc5 Rxc4+ 35. Kxc4 Rg3 {
0-1 Ragozin,V-Botvinnik,M/Moscow 1941/EXT 2001 (35)}) 14... b4 15. Ne4 c5 16.
Qb1 Qc7 17. Ng3 cxd4 18. Bxc4 Qc6 19. f3 d3 20. Qc1 Bc5+ 21. Kh1 Qd6 22. Qf4
Rxh2+ 23. Kxh2 Rh8+ 24. Qh4 Rxh4+ 25. Bxh4 Qf4 {0-1 Denker,A-Botvinnik,M/URS
1945/HCL (25)/[Kasparov]}) 13. h4 O-O-O 14. Rh3 {Das ist also die weiße Idee.
Der Turm soll entlang der dritten Reihe ins Spiel kommen.} c5 $6 {Ich glaubte,
dass dieser Zug Weiß entgegen kommt.} (14... b4 $5 15. Na4 c5 16. Bxc4 Ne5 {
/\ ...Rd4}) 15. a4 cxd4 (15... b4 $5 16. Nb5 Qb8 {/\ ...a7-a6}) 16. Nxb5 Qa5+
17. Bd2 Qb6 18. Bxc4 Kb8 (18... a6 $5) 19. Qe2 a6 (19... e5 $5) 20. Bf4+ e5 21.
Bxe5+ Nxe5 22. Qxe5+ Ka8 {Obwohl Weiß drei Bauern mehr hat, ist die Stellung
noch nicht so klar, denn es sind auch Linien gegen den unrochierten weißen
König geöffnent.} 23. Rb3 Qc6 24. Be2 (24. Bd5 Rxd5 25. Nc7+ Ka7 26. Rxb7+ Kxb7
27. Nxd5 Rxh4 $132) 24... Qxg2 25. Nc7+ Ka7 26. Nb5+ Ka8 27. f3 Rxh4 $2 (27...
Qh1+ {sieht besser aus. Der weiße König darf nicht entwischen.} 28. Kd2 $5 {
Dieses Turmopfer führt wahrscheinlich nur zum Unentschieden.} (28. Bf1 Qxh4+)
28... Qxa1 29. Nc7+ Ka7 30. Bxa6 $5 Bxa6 31. Nxa6 (31. Nb5+ Ka8 32. Qc7 $2 (32.
Nc7+ $11) 32... Bh6+ 33. f4 Bxf4+ 34. Qxf4 Rc8 $19) 31... Bh6+ $1 (31... Bd6
32. Qe4 Rd7 33. Nc5 $1 Bxc5 (33... Rb8 34. Nxd7 Bb4+ 35. Kd3 Qd1+ 36. Kc4 Qc1+
37. Kxd4 Qd2+ 38. Rd3 Qxb2+ 39. Ke3 $18) 34. Qc6 $18) 32. f4 Bxf4+ 33. Qxf4 Qh1
34. Qc7+ Ka8 35. Nc5 Qg2+ 36. Kc1 Qf1+ 37. Kc2 d3+ 38. Rxd3 Qg2+ 39. Kc3 Rxd3+
40. Nxd3 Qd5 $13) 28. Nc7+ Ka7 29. O-O-O Rh1 (29... Rh2 30. Qa5 $18) 30. Qa5
$18 Rxd1+ 31. Bxd1 Bh6+ 32. Kb1 Qg6+ 33. Bc2 Qxf6 34. Qc5+ Kb8 35. Be4 Qd6 36.
Rxb7+ Kc8 37. Qc4 1-0

[Event "Corus-B"]
[Site "Wijk aan Zee"]
[Date "2005.01.22"]
[Round "7"]
[White "Nielsen, Peter Heine"]
[Black "Smeets, Jan"]
[Result "1-0"]
[WhiteElo "2648"]
[BlackElo "2475"]
[Annotator "Lutz,C"]
[PlyCount "189"]
[EventDate "2005.01.15"]
[EventType "tourn"]
[EventRounds "13"]
[EventCountry "NED"]
[EventCategory "13"]
[SourceTitle "CBM 105"]
[Source "ChessBase"]
[SourceDate "2005.04.11"]
[SourceVersion "1"]
[SourceVersionDate "2005.04.11"]
[SourceQuality "1"]

1. d4 d5 2. c4 c6 3. Nf3 Nf6 4. Nc3 e6 5. Bg5 dxc4 6. e4 b5 7. e5 h6 8. Bh4 g5
9. Nxg5 hxg5 10. Bxg5 Nbd7 11. exf6 Bb7 12. g3 c5 13. d5 Qc7 14. Bg2 b4 15. d6
{Dies scheint der kritsche Zug nach 14...b4 zu sein. Schwarz wird den d-Bauern
erobern können, aber Weiß kann in der Zwischenzeit eine Initiative aufziehen.}
(15. Nb5 Qb6 16. dxe6 Qxe6+ 17. Be3 (17. Kf1 O-O-O $36 {0-1 Ruck,
R-Mastrovasilis,D/Topola 2004/CBM 101/[Lutz] (50)}) 17... O-O-O 18. Nxa7+ Kb8
19. Bxb7 Kxb7 $17 {0-1 Onischuk,A-Obodchuk,A/Poikovsky 2003/CBM 95/[Lutz] (45)}
) (15. O-O $6 bxc3 16. dxe6 fxe6 17. Qe2 Kf7 $17 {0-1 Almeida,O-Dominguez,L/
Holguin City 2002/CBM 89/[Lutz] (53)}) 15... Qb6 16. Ne4 Ne5 (16... Bd5 $5 {
scheint mir der bessere Zug zu sein.} 17. O-O (17. Bf4 Qc6 18. f3 O-O-O 19. O-O
e5 20. Be3 Bxd6 21. a3 b3 22. Qd2 Bc7 23. Rad1 Bxe4 24. fxe4 Nb6 25. Qe2 Kb7
26. Rd5 Nxd5 27. exd5 Qd6 28. Qxc4 $44 Bb6 29. Be4 Rb8 30. a4 Rbg8 31. Ra1 a5
32. Qxb3 Rg4 33. Rc1 Rxe4 34. Bxc5 Rb4 35. Qe3 Bxc5 36. Rxc5 Rc8 37. Rxa5 Qb6
38. Qxb6+ Rxb6 39. Kg2 Rxb2+ 40. Kf3 Rc3+ 41. Kg4 Rf2 42. d6 Rxf6 43. Rxe5 Rxd6
44. h4 Rg6+ 45. Kh5 Rcxg3 46. Re8 Kc7 47. Re7+ Kd6 48. Rxf7 Rg8 49. Rh7 Kc5 50.
a5 Kb5 51. Kh6 Kxa5 52. h5 Kb5 53. Rg7 Rh8+ 54. Rh7 Rc8 55. Rc7 Rh8+ 56. Rh7
Rxh7+ 57. Kxh7 Kc6 58. h6 Kd6 59. Kh8 Ke6 60. h7 {1/2-1/2 Collas,D-Kapnisis,S/
Beruit 2003/CBM 96 ext (60)}) 17... O-O-O 18. Qe2 Bxd6 $13 19. f4 Qc6 20. h4
Nb6 21. h5 Bc7 22. g4 Na4 23. Rae1 b3 24. axb3 cxb3 25. Bh4 c4 26. Kh2 {
1/2-1/2 Sakaev,K-Mastrovasilis,D/Tripoli 2004/CBM 102/[Lutz] (26)}) 17. O-O
O-O-O 18. Qe2 (18. a3 b3 19. Rc1 (19. Be3 Bxd6 20. Qe2 Nd3 21. Nxd6+ Rxd6 22.
Bxb7+ Qxb7 23. Bd2 Qd5 24. Bc3 Nf4 {0-1 Mansson,J-Sherwin,J/Coventry 2004/CBM
99 ext (24)}) 19... Bd5 20. Qe2 Bxd6 21. Rc3 Bc7 22. h4 Nd3 23. Rxd3 cxd3 24.
Qxd3 c4 25. Qc3 Qc6 26. Re1 Kb7 27. Bf3 Ka6 28. Qb4 Bb6 29. Be3 Rc8 30. Bxb6
axb6 31. Qc3 Rcg8 32. Kf1 Rc8 33. Re3 b5 34. Kg2 Rhd8 35. h5 Bxe4 36. Bxe4 Qd6
37. Re2 Rc5 38. h6 Rh5 39. h7 Qd1 40. Re1 Qg4 41. Qf3 Qh3+ 42. Kg1 Qh2+ 43. Kf1
Rd2 44. Qf4 Rhd5 45. Bxd5 Rxd5 46. Qc7 {1/2-1/2 Nikolic,P-Knaak,R/Rethymnon
2003/CBM 98 (46)}) 18... Bd5 19. Rfd1 {Weiß gruppiert seine Kräfte zum Angriff
gegen den schwarzen König, während Schwarz immer noch mit der Eroberung des
Pd6 beschäftigt ist.} Nc6 $146 (19... Qc6 20. a3 b3 21. Rxd5 $1 exd5 (21...
Qxd5 22. Nc3 Qxd6 23. Bf4) 22. Nc3 Qxd6 (22... Bxd6 23. f4 $1 Nd3 24. Bxd5 Qd7
25. Bxc4 Bxf4 26. Ba6+ Kb8 27. gxf4 $16) 23. Nxd5 $18 Bh6 (23... Qe6 24. Ne7+
Bxe7 25. fxe7 Rd4 26. f4 Nd3 27. Qf3 $18) 24. Ne7+ Kc7 25. Bxh6 Rxh6 26. Nf5
Qxf6 27. Nxh6 Nd3 28. Qe4 Rd4 29. Qb7+ Kd8 30. Qb8+ Kd7 31. Bh3+ Kc6 32. Nf5
Rd8 33. Bg2+ Kd7 34. Qb5+ Ke6 35. Qxc4+ {1-0 Filippov,V-Bocharov,D/Tomsk 2004/
CBM 102/[Lutz] (35)}) 20. Rac1 Bxd6 21. Rxc4 $1 {Wie schon in Fillipov,
V-Bocharov,D opfert Weiß die Qualität. Dafür erhält er langfristigen Druck auf
den weißen Feldern.} Bxc4 22. Qxc4 Be5 23. Re1 Bd4 24. Bf4 Na5 25. Qe2 e5 26.
Bc1 {Im Zentrum hat sich die Lage stabilisiert. Weiß hat einen Bauern für die
Qualität, aber außerdem noch kräftigen Druck auf den weißen Feldern. Schwarz
hat keine aktiven Möglichkeiten.} Kb8 (26... c4 $5 27. Qf3 {/\ Ng5}) 27. Ng5 {
Weiß will den Springer nach f3 umgruppieren, um den Bd4 abzutauschen. Dieser
Läufer hält die schwarze Stellung zusammen.} Rd7 (27... Qxf6 28. Nf3 Qe6 29.
Nxd4 Rxd4 30. Be3 $40) 28. Nf3 Re8 29. Qe4 Qc6 30. Qf5 Qd6 31. Nxd4 cxd4 32.
Bf4 Nc6 33. Bxc6 {Weiß trennt sich von seinem weißfeldrigen Läufer, um dafür
ein paar schwarze Bauern einzusacken.} Qxc6 34. Rxe5 Rxe5 35. Qxe5+ Kb7 36.
Qb8+ Ka6 37. Qxb4 {Weiß hat nunmehr materiellen Vorteil. Wegen des andauernden
Angriffs gegen den schwarzen König stellt der Pd4 keine Gefahr dar.} Qc2 38. h4
Rd5 39. Qe7 Qxb2 40. Qxf7 Qb1+ 41. Kh2 $18 Qe4 42. Qc7 Rf5 43. f7 Qe6 44. Qc2
Rxf7 45. Qa4+ Kb7 46. Qb5+ Kc8 47. Qb8+ Kd7 48. Qxa7+ Ke8 49. Qa8+ Ke7 50. Qa7+
Qd7 51. Qc5+ Ke8 52. Qe5+ Kf8 53. Qb8+ Ke7 54. Qe5+ Kf8 55. Qh8+ Ke7 56. Kg1
Rxf4 57. Qe5+ Kd8 58. Qb8+ Ke7 59. Qe5+ Kd8 60. Qxf4 d3 61. Qd2 Qd5 62. f4 Qf3
63. Qe1 Kd7 64. a4 Kc7 65. h5 d2 66. Qxd2 Qxg3+ 67. Kf1 Qf3+ 68. Ke1 Qh1+ 69.
Kf2 Qh2+ 70. Ke3 Qh3+ 71. Kd4 Qd7+ 72. Kc3 Qxa4 73. Qd5 Qa1+ 74. Kd2 Qb2+ 75.
Kd3 Qh2 76. Qf3 Kd6 77. Ke4 Ke6 78. Qg4+ Kf6 79. Qg6+ Ke7 80. Kf5 Kf8 81. Qd6+
Kf7 82. Qd7+ Kf8 83. Kg5 Kg8 84. h6 Qg1+ 85. Qg4 Qc5+ 86. Kf6+ Kf8 87. Qg7+ Ke8
88. Qg8+ Kd7 89. Qe6+ Kd8 90. h7 Qc3+ 91. Kf7 Qc7+ 92. Kg8 Qxf4 93. h8=Q Qg5+
94. Kf7+ Kc7 95. Qhc8# 1-0